000 00300nam a2200121Ia 4500
008 190216s9999||||xx |||||||||||||| ||und||
100 _aShapiro S & Gurvich Y A
245 0 _aAnalytical Chemistry
260 _bMir Publishers
_c1975
300 _a559p
650 _aChemistry-Chemistry
942 _cBK
999 _c2058
_d2058